Panduan berdakwah kontemporari

Bibliographic Details
Main Author: Mohd. Rumaizuddin Ghazali
Format: Book
Published: Bentong : PTS Publications & Distributor Sdn. Bhd. , 2003
Subjects:

MARC

LEADER 00000cam a2200000 7i4500
001 0000073934
005 20031219.0
020 |a 9831921704 
090 0 0 |a 297.74   |b MOH 
100 0 |a Mohd. Rumaizuddin Ghazali 
245 1 0 |a Panduan berdakwah kontemporari   |c Mohd. Rumaizuddin Ghazali 
260 |a Bentong :   |b PTS Publications & Distributor Sdn. Bhd. ,   |c 2003 
300 |a 149p. ;   |c 23cm. 
650 0 0 |a Da'wah (Islam) 
650 0 0 |a Islam   |x Missions 
999 |a 00162011   |b BUKU   |c PINJAMAN   |e PERPUSTAKAAN KOMUNITI PETALING JAYA